000 01261nam a2200253 4500
001 113560
003 DR-UNIBE
005 20250506113800.0
008 250506b2009 mx ||||| |||| 00| 0 spa d
020 _a 9685153574
040 _aBIBLIOTECA UNIBE
_cBIBLIOTECA UNIBE
_bspa
_erda
041 _aspa
082 _222
_a343.098 I57c
110 1 0 _a Instituto Latinoamericano de Naciones Unidas para la Prevención del Delito y Tratamiento del Delincuente (ILANUD)
_9194930
245 1 0 _a Códigos penales de los países de América Latina /
_cInstituto Latinoamericano de Naciones Unidas para la Prevención del Delito y Tratamiento del Delincuente (ILANUD)
250 _aPrimera edición
260 _aMéxico :
_bSuprema Corte de Justicia de la Nación
_c2009
300 _a168 páginas ;
_c23 x 15 cm
505 _aLos códigos penales de Latinoamérica | I. Genealogía de la Codificación penal latinoamericana | II. La agresión a la racionalidad legislativa en materia penal | Notas | Tabla de abreviaturas | Índice toponímico
650 7 _2lemb
_a Derecho penal
_xLegislación
_zAmérica Latina
_9194934
650 7 _2lemb
_aCódigo penal
_zAmérica Latina
_9194935
700 1 0 _aCarranza, Elías
_9194931
_epresentador
942 _2ddc
_cBK
999 _c113560
_d113560